000 00767cam a22001937a 4500
008 180718b2007 xxu||||| |||| 00| 0 eng d
082 _aAPPPA 2007-08
100 _aGupta, Krishan Murari
245 _aReview of procedures for formulation, appraisal and approval of government funded plan schemes/projects including public private partnership projects
_cby Krishan Murari Gupta
260 _aNew Delhi
_bIndian Institute of Public Administration
_c2007
300 _a122p.
500 _aAn APPPA M.Phil dissertation, 2006-07 (Guide: Dr. Rakesh Gupta)
650 _aPartnership projects
650 _aPublic private
650 _aProjects
650 _aGovernment funded plan schemes
650 _aAppraisal and approval
650 _aProcedures for formulation
999 _c493516
_d493516